| 000 | 01047nam a2200217Ia 4500 | ||
|---|---|---|---|
| 001 | 914.512-PAL re (14902) | ||
| 003 | IT-MiSPE | ||
| 008 | 171229s9999||||xx |||||||||||||| ||und|| | ||
| 040 |
_aIT-MiSPE _cIT-MiSPE |
||
| 041 | _aITALIANO | ||
| 100 | _aAA.VV. | ||
| 245 | 0 | _aPalazzo Reale di Torino nelle Guide della città | |
| 250 | _a2a ed. | ||
| 260 |
_aTorino _bCelid _c1999 |
||
| 300 |
_a259 p. _c21 cm |
||
| 501 | _aEdizioni San Paolo srl - Piazza Soncino, 5 - 20092 CINISELLO BALSAMO (MI) (non commercial uses only) ® Copyright 2018 | ||
| 520 | _aAss. "Amici di Palazzo Reale e delle Res. Sabaude", Ill., tav.; Sopraintendenza per i Beni amb. ed arch. del Piemonte | ||
| 942 | _cBK | ||
| 957 | _71 | ||
| 999 |
_a1279 _bNO _g Copie: 1 _c355996 _d355996 |
||